Green biotechnology (Record no. 13969)
[ view plain ]
| 000 -LEADER | |
|---|---|
| fixed length control field | 00277nam a22001097a 4500 |
| 020 ## - INTERNATIONAL STANDARD BOOK NUMBER | |
| ISBN | 9798178886502 |
| 082 ## - DEWEY DECIMAL CLASSIFICATION NUMBER | |
| Classification number | 660.6 |
| Item number | MUR/GR |
| 100 ## - MAIN ENTRY--AUTHOR NAME | |
| Personal name | Murray, David Christie |
| 245 ## - TITLE STATEMENT | |
| Title | Green biotechnology |
| 260 ## - PUBLICATION, DISTRIBUTION, ETC. (IMPRINT) | |
| Place of publication | New Delhi |
| Name of publisher | Dominant Publishers & Distributors |
| Year of publication | 2011 |
| 942 ## - ADDED ENTRY ELEMENTS (KOHA) | |
| Koha item type | Books |
| Withdrawn status | Lost status | Damaged status | Collection code | Home library | Current library | Shelving location | Date acquired | Source of acquisition | Cost, normal purchase price | Full call number | Accession Number | Koha item type |
|---|---|---|---|---|---|---|---|---|---|---|---|---|
| Non-fiction | KAUAET | KAUAET | General Stacks | 30/03/2013 | Neoti Book Agency | 1195.00 | 660.6 MUR/GR | 23860 | Books |
